| 000 | 00525nam a22001817a 4500 | ||
|---|---|---|---|
| 005 | 20250530160020.0 | ||
| 010 | _aENG-145089 | ||
| 020 |
_c399.00 _a9789356170162 |
||
| 035 | _aEN-128621 | ||
| 037 | _bDBAD | ||
| 082 | _aN | ||
| 100 |
_aBronte, Emily _981484 |
||
| 245 |
_aWuthering Heights/ _cEmily Bronte |
||
| 260 |
_aNew Delhi _bShri Sai Printographers _c2022 |
||
| 270 |
_bNew Delhi _a102, 4787/23, Ansari Road, Darya Ganj _e110002 _k011-23246222 _k9312220441 |
||
| 300 |
_a332p. _c22cm(pb) |
||
| 942 |
_2ddc _cEN _hN _mBRO |
||
| 999 |
_c211472 _d211472 |
||